| 000 | 00492nam a2200181Ia 4500 | ||
|---|---|---|---|
| 999 |
_c14020 _d14020 |
||
| 003 | OSt | ||
| 005 | 20201019123714.0 | ||
| 008 | 190216s9999||||xx |||||||||||||| ||und|| | ||
| 020 | _a9780571066247 | ||
| 040 | _coclc | ||
| 082 |
_a242.4 _bLEW/G |
||
| 100 |
_aLewis, C S _95912 |
||
| 245 | 0 |
_aA Grief Observed / _cC S Lewis |
|
| 260 |
_bFaber And Faber , _c1966. _aLondon: |
||
| 300 | _a64p | ||
| 650 | _aEnglish Novel | ||
| 942 |
_cBK _2ddc _h242.4 _iLEW/G _k242.4 _mLEW/G |
||